Events in which Great Britain has won Bronze at the Olympics - Statistics

General Stats
  • This quiz has been taken 14 times
    5 since last reset
  • The average score is 20 of 28
Answer Stats
Bronze Medals won First Medal Won Most Recent Medal Won Event % Correct
5 1908 2004 Archery
100%
77 1896 2024 Athletics
100%
28 1908 2024 Boxing
100%
12 1912 2024 Diving
100%
18 1936 2024 Equestrian
100%
13 1912 2024 Gymnastics
100%
12 1972 2020 Judo
100%
30 1900 2020 Swimming
100%
8 2000 2024 Canoeing
80%
31 1896 2024 Cycling
80%
1 1900 1900 Golf
80%
17 1900 2024 Rowing
80%
13 1900 2024 Sailing
80%
4 2008 2020 Taekwondo
80%
4 2012 2024 Triathlon
80%
1 1908 1908 Tug of War
80%
2 2000 2016 Badminton
60%
7 1908 2020 Field Hockey
60%
2 2020 2024 Skateboarding
60%
12 1900 1924 Tennis
60%
4 1948 2024 Weightlifting
60%
10 1908 1984 Wrestling
60%
3 1988 2004 Modern Pentathlon
40%
1 1924 1924 Polo
40%
19 1908 2020 Shooting
40%
1 1908 1908 Jeu de paume
20%
1 2008 2008 Marathon Swimming
20%
3 1908 1908 Rackets
20%
No matching quizzes found
Score Distribution
Percent of People with Each Score
Percentile by Number Answered
Your Score History
You have not taken this quiz since the last reset